| 000 | 00338nam a22001337a 4500 | ||
|---|---|---|---|
| 005 | 20241128131924.0 | ||
| 008 | 241128b |||||||| |||| 00| 0 eng d | ||
| 020 | _a0521635667 | ||
| 050 | _aP291 VAL | ||
| 100 | _aVAN VALIN D. ROBERT JR. | ||
| 245 | _aAN INTRODUCTION TO SYNTEX | ||
| 500 | _aXVI,239p.illus,ref.,index | ||
| 942 |
_2lcc _cBK _n0 |
||
| 999 |
_c1703 _d1703 |
||